| 000 | 00510nam a22001697a 4500 | ||
|---|---|---|---|
| 005 | 20221005131551.0 | ||
| 008 | 221005b ag ||||| |||| 00| 0 spa d | ||
| 050 | 0 | 4 |
_aB4568 _bB35 1938 |
| 100 | _aBalmes, Jaime L. | ||
| 245 |
_aEl Criterio / Jaime L. Balmes,El Criterio / _c Jaime L. Balmes, |
||
| 250 | _a1a edición | ||
| 260 |
_aBuenos Aires : _bSopena, _c1938 |
||
| 300 |
_a189 p. ; _c 22 cm. |
||
| 440 | _aBiblioteca Mundial Sopena | ||
| 650 |
_aFilosofía _xReligión |
||
| 942 |
_2lcc _cLIB |
||
| 999 |
_c164578 _d164576 |
||